| 000 | 00687nam a22002417i 4500 | ||
|---|---|---|---|
| 003 | DO-SdBNP | ||
| 005 | 20230515114527.0 | ||
| 007 | ta | ||
| 008 | 221104b2022 dr ||||| |||| 00| 0 eng d | ||
| 020 | _a9789945181913 | ||
| 040 |
_aDO-SdBNP _bspa _cBNPHU _erda |
||
| 082 | 4 |
_bM528m _222 |
|
| 100 | 1 |
_aMelo, Rita _982717 |
|
| 245 | 1 | 0 |
_aMy fight against cancer : _bhope in midst of adversity / _cRita Melo |
| 264 |
_a[ sin lugar] : _b[ sin nombre], _c2022 |
||
| 300 |
_a86 paginas. ; _c21 cm. |
||
| 336 |
_2rdacontent _atexto _btxt |
||
| 337 |
_2rdamedia _asin mediación _bn |
||
| 338 |
_2rdacarrier _avolumen _bnc |
||
| 590 | _aInventariado, 2023 / DG | ||
| 910 | _aDG | ||
| 942 |
_2ddc _cLBS1 |
||
| 999 |
_c53513 _d53513 |
||